Central Library OPAC University of Rajshahi

Elections abroad / (Record no. 41962)

MARC details
000 -LEADER
fixed length control field 00631nam a2200217 a 4500
001 - CONTROL NUMBER
control field 41962
003 - CONTROL NUMBER IDENTIFIER
rucl marc code BD-RjUL
005 - DATE AND TIME OF LATEST TRANSACTION
control field 20211209053457.0
008 - FIXED-LENGTH DATA ELEMENTS--GENERAL INFORMATION
fixed length control field 160607s1959 enka b 000 0 eng d
035 ## - SYSTEM CONTROL NUMBER
System control number (BD-RjUL)42080
040 ## - CATALOGING SOURCE
Original cataloging agency VDU
Language of cataloging eng
Transcribing agency VDU
Modifying agency BD-RjUL
041 ## - LANGUAGE CODE
Language code of text/sound track or separate title eng
082 14 - DEWEY DECIMAL CLASSIFICATION NUMBER
Classification number 324.9
Edition number 19
Author mark and year ELE 1959
245 00 - TITLE STATEMENT
Title Elections abroad /
Statement of responsibility, etc. D. E. Butler ... [et al.].
260 ## - PUBLICATION, DISTRIBUTION, ETC. (IMPRINT)
Place of publication, distribution, etc. London :
Name of publisher, distributor, etc. Macmillan,
Date of publication, distribution, etc. 1959.
300 ## - PHYSICAL DESCRIPTION
Pagination 280 p. :
Illustrations ill. ;
Size 23 cm.
504 ## - BIBLIOGRAPHY, ETC. NOTE
Bibliography, etc Includes bibliographical references.
650 #0 - SUBJECT ADDED ENTRY--TOPICAL TERM
Topical term or geographic name as entry element Elections
Geographic subdivision Indonesia
Form subdivision Periodicals.
9 (RLIN) 128980
700 1# - ADDED ENTRY--PERSONAL NAME
Personal name Butler, David,
Dates associated with a name 1924-
942 ## - ADDED ENTRY ELEMENTS (KOHA)
Source of classification or shelving scheme Dewey Decimal Classification
Koha item type Books
Holdings
Lost status Source of classification or shelving scheme Damaged status Not for loan Collection code Permanent Location Current Location Shelving location Date acquired Source of acquisition Cost, normal purchase price Total Checkouts Full call number Date last seen Copy number Koha item type
  Dewey Decimal Classification     Non-fiction Central Library, University of Rajshahi Central Library, University of Rajshahi   28/04/1967 Royal book 18.75   324.9 ELE 1959 08/06/2016 C-2 Books
  Dewey Decimal Classification     Non-fiction Central Library, University of Rajshahi Central Library, University of Rajshahi   28/04/1967 Royal book 18.75   324.9 ELE 1959 08/06/2016 C-3 Books
  Dewey Decimal Classification     Non-fiction Central Library, University of Rajshahi Central Library, University of Rajshahi   28/04/1967 Royal book 18.75   324.9 ELE 1959 28/06/2016 C-4 Books